The noble scholar, jurist, historian


 His Excellency Dr. Abdul Wahhab bin Ibrahim Abu Sulaiman, may Allah have mercy on him.


 He was born in Umm Al-Qura in the year 1356 AH.

غوامض الصحاح / (Record no. 9241)

MARC details
000 -LEADER
fixed length control field 01462cam a22003011i 4500
003 - CONTROL NUMBER IDENTIFIER
control field SA-RiAUC
005 - DATE AND TIME OF LATEST TRANSACTION
control field 20250627150436.0
008 - FIXED-LENGTH DATA ELEMENTS--GENERAL INFORMATION
fixed length control field 250626s1985 ku g d i000 0 ara c
020 ## - INTERNATIONAL STANDARD BOOK NUMBER
International Standard Book Number 9789775017567
040 ## - CATALOGING SOURCE
Original cataloging agency JO-AmJU
Language of cataloging ara
Transcribing agency SA-RiAUC
Description conventions rda
082 04 - DEWEY DECIMAL CLASSIFICATION NUMBER
Classification number 413
Assigning agency SA-RiAUC
090 ## - LOCALLY ASSIGNED LC-TYPE CALL NUMBER (OCLC); LOCAL CALL NUMBER (RLIN)
Classification number (OCLC) (R) ; Classification number, CALL (RLIN) (NR) 413
Local cutter number (OCLC) ; Book number/undivided call number, CALL (RLIN) ص ل ا
100 1# - MAIN ENTRY--PERSONAL NAME
Personal name صلاح الدين الصفدي، خليل بن أيبك بن عبد الله،
Dates associated with a name 696-764 هجري
Relator term مؤلف.
245 10 - TITLE STATEMENT
Title غوامض الصحاح /
Statement of responsibility, etc. صلاح الدين خليل بن أيبك الصفدي ؛ تحقيق عبد الإله نبهان.
250 ## - EDITION STATEMENT
Edition statement الطبعة الأولى.
264 #1 - PRODUCTION, PUBLICATION, DISTRIBUTION, MANUFACTURE, AND COPYRIGHT NOTICE
Place of production, publication, distribution, manufacture الكويت :
Name of producer, publisher, distributor, manufacturer المنظمة العربية للتربية والثقافة والعلوم، معهد المخطوطات العربية،
Date of production, publication, distribution, manufacture, or copyright notice 1985
300 ## - PHYSICAL DESCRIPTION
Extent 304 صفحة ؛
Dimensions 24 سم.
336 ## - CONTENT TYPE
Content type term نص
Content type code txt
Source rdacontent
Materials specified كتاب
337 ## - MEDIA TYPE
Media type term بدون وسيط
Media type code n
Source rdamedia
338 ## - CARRIER TYPE
Carrier type term مجلد
Carrier type code nc
Source rdacarrier
490 1# - SERIES STATEMENT
Series statement سلسلة كتب التراث ؛
Volume/sequential designation 9
650 #7 - SUBJECT ADDED ENTRY--TOPICAL TERM
Topical term or geographic name entry element اللغة العربية
Form subdivision معاجم
Source of heading or term aucsh
700 1# - ADDED ENTRY--PERSONAL NAME
Personal name نبهان، عبد الإله أحمد،
Dates associated with a name 1945-2020
Relator term محقق.
700 12 - ADDED ENTRY--PERSONAL NAME
Personal name الجوهري، إسماعيل بن حماد الجوهري،
Dates associated with a name توفي 393 هجري
830 #0 - SERIES ADDED ENTRY--UNIFORM TITLE
Uniform title سلسلة كتب التراث / المنظمة العربية للتربية والثقافة والعلوم (الكويت)
Volume/sequential designation 9
942 ## - ADDED ENTRY ELEMENTS (KOHA)
Source of classification or shelving scheme Dewey Decimal Classification
Koha item type Books
Suppress in OPAC No
949 ## - LOCAL PROCESSING INFORMATION (OCLC)
a SA-JeALM
d 250626
u osman123
n 1
Holdings
Withdrawn status Lost status Source of classification or shelving scheme Damaged status Not for loan Home library Current library Date acquired Total checkouts Full call number Barcode Date last seen Price effective from Koha item type
    Dewey Decimal Classification     DR AbdElwahab Library DR AbdElwahab Library 06/27/2025   413 ص ل ا 000015399 06/27/2025 06/27/2025 Books